000 00344nam a2200145Ia 4500
003 OSt
005 20240115164404.0
008 170523s9999 xx 000 0 und d
020 _a9788194075707
040 _cIIMT UNIVERSITY
100 _aKENDULA- SRINIVAS
245 0 _aSTRATEGIC HUMAN RESOURCE DEVELOPMENT
260 _bPHI
942 _2ddc
_c06
999 _c1451
_d1451